| 000 | 00591nam a22002057a 4500 | ||
|---|---|---|---|
| 003 | OSt | ||
| 005 | 20240626111339.0 | ||
| 008 | 240626b |||||||| |||| 00| 0 eng d | ||
| 020 | _a0855984406 | ||
| 040 | _cMUST | ||
| 082 | _a338.927 NEE 2000 | ||
| 100 |
_aNeefjes ,Koos _917993 |
||
| 245 |
_aEnvironments and livelihoods: _bstrategies for sustainability / _cKoos Neefjes |
||
| 260 |
_aOxford _bOxfam _c2000 |
||
| 300 |
_ax, 277p.; _c20 cm. |
||
| 504 | _aIncludes bibliographical references and index | ||
| 650 |
_aAgriculture _94591 |
||
| 650 |
_aEnvironment _91074 |
||
| 942 |
_2ddc _cO_SHELF |
||
| 999 |
_c8897 _d8897 |
||